| 000 | 00611cam a2200145 4500500 | ||
|---|---|---|---|
| 005 | 20260208002352.0 | ||
| 041 | _afre | ||
| 042 | _adc | ||
| 100 | 1 | 0 |
_aChevannes, Barry _eauthor |
| 245 | 0 | 0 | _aMarcyliena Morgan, Language, Discourse and Power in African American Culture, Cambridge, Cambridge University Press, 2002, xiv + 181 p. («Studies in the Social and Cultural Foundations of Language») |
| 260 | _c2005. | ||
| 500 | _a6 | ||
| 786 | 0 | _nL'Homme | 175-176 | 3 | 2005-07-01 | p. 475q-572q | 0439-4216 | |
| 856 | 4 | 1 | _uhttps://shs.cairn.info/revue-l-homme-2005-3-page-475q?lang=fr&redirect-ssocas=7080 |
| 999 |
_c1645985 _d1645985 |
||